| 000 | 00947cam a22003017a 4500 | ||
|---|---|---|---|
| 003 | CHAP | ||
| 005 | 20220329143025.0 | ||
| 008 | 050831d1994 es a r 00110 spa d | ||
| 010 | _a90834 | ||
| 011 | _a91806 | ||
| 020 | _a8420007552 | ||
| 035 | _a102369 | ||
| 040 | _cCHAP | ||
| 082 | 0 | 4 |
_a574.87 _bD54Y 1993 |
| 245 | 0 | 0 |
_aHistologĂa veterinaria _c/por H. Dieter Dellmann |
| 260 |
_aZaragoza, Esp. : _bAcribia, _c1994. |
||
| 300 |
_a398 p. : _bilus. |
||
| 500 | _aTrad. de : Texbook of Veterinary histology. 4 ed., 1993. | ||
| 590 |
_aBATCH-UPD _b10 _c20130110 _lUCH01 _h0310 |
||
| 590 |
_aBATCH-UPD _b10 _c20130409 _lUCH01 _h2342 |
||
| 590 |
_aBATCH-UPD _b10 _c20130914 _lUCH01 _h1618 |
||
| 590 |
_aCONVERSION _b10 _c20130109 _lUCH01 _h1350 |
||
| 650 | 1 | 4 |
_aHistologĂa animal. _955594 |
| 901 | _aBK | ||
| 905 | _aLilia | ||
| 942 | _cLIBRO | ||
| 949 |
_a574.87 D54Y 1993 _bBC _cLIBRO _d33724000978342 _eLIBRO _gI.222832 _h106738 _i102369 _so _t$895.00 |
||
| 999 |
_c90834 _d90834 |
||